| 000 | 00856nam a2200265 i 4500 | ||
|---|---|---|---|
| 001 | 000014094 | ||
| 003 | DO-SdBNP | ||
| 005 | 20250717142346.0 | ||
| 008 | 091204s1909 dr 001 0 spa d | ||
| 040 |
_aDO-SdBNP _bspa _cBNPHU _erda |
||
| 041 | _aspa | ||
| 082 | 4 |
_aRD864.4 _bH519h _222 |
|
| 100 | 1 |
_aHenríquez Ureña, Pedro, _d1884-1946 _91718 _4aut. _eautor |
|
| 245 | 1 | 0 |
_aHoras de estudio / _cPedro Henríquez Ureña. |
| 264 |
_aParís : _bSociedad de Ediciones Literarias y Artísticas, _c1909. |
||
| 300 |
_a300 páginas ; _c19 cm. |
||
| 336 |
_atexto _btxt _2rdacontent |
||
| 337 |
_asin mediación _bn _2rdamedia |
||
| 338 |
_avolumen _bnc _2rdacarrier |
||
| 590 | _aInventariado, 2019 / DG | ||
| 650 | 0 |
_aEnsayos dominicanos _965 |
|
| 650 | 0 |
_aLiteratura dominicana. _967 |
|
| 910 | _aValidado. Control de calidad MFF | ||
| 942 |
_2ddc _cLBS1 |
||
| 999 |
_c13696 _d13696 |
||